Music Quiz

Random Music or Lyrics Quiz

Subaru by Chousand Lyrics Quiz Stats

 Plays Quiz not verified by Sporcle

Support Sporcle.
Go Orange.
Score 0/198 Timer 10:00
0 Plays Today
% Correct
a
100%
the
100%
I
100%
the
100%
a
100%
I
100%
and
100%
I
100%
A
100%
a
100%
I
100%
and
100%
a
100%
And
100%
I
100%
the
100%
A
100%
a
100%
a
100%
and
100%
I
100%
A
100%
a
100%
the
100%
a
100%
of
80%
of
80%
on
80%
you
80%
of
80%
of
80%
on
80%
on
80%
you
80%
of
80%
on
80%
of
80%
My
60%
my
60%
me
60%
my
60%
my
60%
My
60%
me
60%
my
60%
car
60%
my
60%
my
60%
Cause
40%
it's
40%
I'm
40%
out
40%
is
40%
up
40%
Like
40%
out
40%
Let
40%
tell
40%
how
40%
it
40%
is
40%
I'm
40%
good
40%
I'm
40%
so
40%
for
40%
% Correct
it's
40%
not
40%
Then
40%
got
40%
It's
40%
day
40%
from
40%
one
40%
Let
40%
tell
40%
how
40%
it
40%
is
40%
I'm
40%
good
40%
I'm
40%
so
40%
for
40%
it's
40%
not
40%
this
40%
out
40%
up
40%
no
40%
in
40%
Then
40%
Cause
40%
this
40%
will
40%
Grabbed
20%
sixer
20%
Gansett
20%
$5.99
20%
Monday
20%
wasted
20%
Half
20%
time
20%
Play
20%
smash
20%
till
20%
pass
20%
bed
20%
couch
20%
Wake
20%
with
20%
sore
20%
neck
20%
smashed
20%
back
20%
greasy
20%
gross
20%
Deodorant
20%
odor
20%
mixed
20%
with
20%
cigarette
20%
smoke
20%
Doing
20%
anything
20%
want,
20%
god
20%
broke
20%
warning
20%
sign
20%
most
20%
joke
20%
% Correct
went
20%
thirty
20%
Busch
20%
Light
20%
$15.99
20%
Friday
20%
night
20%
late
20%
rent
20%
Missed
20%
call
20%
doctor
20%
Sleep
20%
with
20%
eye
20%
open
20%
land
20%
lord's
20%
mobster
20%
greasy
20%
gross
20%
Deodorant
20%
odor
20%
mixed
20%
with
20%
cigarette
20%
smoke
20%
Doing
20%
anything
20%
want,
20%
god
20%
broke
20%
warning
20%
sign
20%
most
20%
joke
20%
Lets
20%
drink
20%
place
20%
dry
20%
Until
20%
we're
20%
thrown
20%
bar
20%
Wake
20%
bench
20%
gas
20%
Act
20%
shoe
20%
size,
20%
never
20%
age
20%
lets
20%
none
20%
matter
20%
anyway
20%
spent
0%
rest
0%
pay
0%
check
0%
pizza
0%
bites
0%
there's
0%
next
0%
week
0%
repeat
0%

You're not logged in!

Compare scores with friends on all Sporcle quizzes.
OR
Log In

From the Vault

6 to 1: Countries by Continent V

by KVMalinwa

We sorted countries by planet at first and then realized what we were doing way too late.
Remove Ads.
Support Sporcle.
Get the best of Sporcle when you Go Orange. This ad-free experience offers more features, more stats, and more fun while also helping to support Sporcle. Thank you for becoming a member.

Show Comments

Extras

Created Feb 25, 2020ReportNominate
Tags:Lyrics Quiz, Pop Punk

Top Quizzes Today


Score Distribution

Your Account Isn't Verified!

In order to create a playlist on Sporcle, you need to verify the email address you used during registration. Go to your Sporcle Settings to finish the process.

Report this User

Report this user for behavior that violates our Community Guidelines.

Details: